00347nam a2200133 4500003000400000008004100004020001800045082001500063100001700078245006200095260002600157300001800183650001200201OSt240702b |||||||| |||| 00| 0 eng d a9780349423142 a658.11 ALG aALLEN, David aGetting Things Done : The art of stress-free productivity aLondonbPiatkusc2019 axxiii, 317 p. aGeneral